| 000 | 00477nam a2200193Ia 4500 | ||
|---|---|---|---|
| 005 | 20240823012203.0 | ||
| 008 | 240823s9999||||xx |||||||||||||| ||und|| | ||
| 020 | _a0 408 70510 8 | ||
| 041 | _aENGLISH | ||
| 082 | _A620.110257 L4 | ||
| 100 | _a"Thomas ,Geoffrey G" | ||
| 245 | 0 | _aEngineering Metrology | |
| 250 | _a1st | ||
| 260 |
_c1974 _b"Butterworths,L" |
||
| 500 | _aTRANSFERED | ||
| 650 |
_aMetrology _bAeronautical Engineering |
||
| 942 | _cBK | ||
| 999 |
_c163686 _d163686 |
||